000 02199nam a2200385 a 4500
999 _c142275
_d142275
003 BLK
005 20240430005252.0
008 180409b bul|||||r ||||||| ||bul||
010 _aKNG00148363000
040 _aBLK
041 _aBUL
_cBUL
080 _aБългарска литература
_b821.163.2
_x-93-1
_z821.163.2-93-1
139 _aПрозорче към миналото
_bП 91
245 1 0 _aПрозорче към миналото
_cс предг. от Георги Веселинов; худож. Калина Тасева; худож. Юли Минчев; * Пенчо Петков Славейков; * Васил Николаев Попович; * Иван Минчов Вазов; * Константин Величков; * Константин Величков Петков.
257 _aBGR
260 _bБълг. художник
_c1967
_aСофия
300 _a40 с.
_bс ил.
_c19 см
380 _aDX
500 _a30 100 тир. - Съдържа избрани стихотворения за деца от Пенчо Славейков, Васил Попович, Иван Вазов и Константин Величков.
700 1 _aВеселинов, Георги
_eс предг. от
_9378955
700 1 _aТасева, Калина
_eхудож.
_9377086
700 1 _aМинчев, Юли
_eхудож.
_9369700
700 _aСлавейков, Пенчо Петков
_d1866-1912
_gПоет. Фолклорист. Преводач от немски и руски език.
_9364367
700 1 _aПопович, Васил Николаев
_e*
_9366477
700 1 _aВазов, Иван Минчов
_e*
_9363396
700 _aВеличков, Константин
_gписател и общественик
_d1855 - 1907
_qПетков, Константин Величков
_9256726
700 1 _aПетков, Константин Величков
_e*
_9379254
852 _aЦб 262003
856 4 _qpdf
_i0.00
_ldisable
856 4 _qpdf
_i0.00
_ldisable
942 _cKNG
_n0
_01
_s1
944 _aCR
_c03.08.2013
_lCRON CRON
_k
944 _aED
_c03.08.2013
_l03.08.2013 - от С1,Р / 03.08.2013
999 _d142275